The Art of a lawyer : (Record no. 11162)

MARC details
000 -LEADER
fixed length control field 00673cam a22002172 4500
001 - CONTROL NUMBER
control field 0000018718
005 - DATE AND TIME OF LATEST TRANSACTION
control field 20151217154420.0
008 - FIXED-LENGTH DATA ELEMENTS--GENERAL INFORMATION
fixed length control field 100609s xx 000 0 eng d
020 ## - INTERNATIONAL STANDARD BOOK NUMBER
International Standard Book Number 8175347274 :
040 ## - CATALOGING SOURCE
Original cataloging agency KABU
Transcribing agency KABU
100 1# - MAIN ENTRY--PERSONAL NAME
Personal name Malik, B.
-- 0000178050
245 14 - TITLE STATEMENT
Title The Art of a lawyer :
Remainder of title cross examination, advocacy, courtmanship /
Statement of responsibility, etc. B. Malik.
250 ## - EDITION STATEMENT
Edition statement 10th ed.
260 ## - PUBLICATION, DISTRIBUTION, ETC. (IMPRINT)
Place of publication, distribution, etc. New Delhi :
Name of publisher, distributor, etc. Universal Law,
Date of publication, distribution, etc. 2009.
300 ## - PHYSICAL DESCRIPTION
Extent xviii, 1070 p.
650 #0 - SUBJECT ADDED ENTRY--TOPICAL TERM
Topical term or geographic name as entry element Trial practice
Geographic subdivision India.
-- 0000178051
650 #0 - SUBJECT ADDED ENTRY--TOPICAL TERM
Topical term or geographic name as entry element Practice of law
Geographic subdivision India.
-- 0000178052
852 1# - LOCATION
-- p2320 KES
908 ## - PUT COMMAND PARAMETER (RLIN)
Put command parameter 100609
950 ## - LOCAL HOLDINGS (RLIN)
-- 1
Holdings
Withdrawn status Lost status Source of classification or shelving scheme Not for loan Home library Current library Date acquired Total Checkouts Total Renewals Full call number Barcode Date last seen Date last checked out Price effective from Koha item type
    Library of Congress Classification   Kabarak, Main Campus Kabarak, Main Campus 17/12/2015 13 1 KNS3535 .M35 2009 c. 1 24938 21/11/2019 21/11/2019 17/12/2015 General Collection
Designed with assistance from East African Informatics Ltd